000 00314nam a22001337a 4500
008 170505b xxu||||| |||| 00| 0 eng d
020 _a0521314526
041 _aeng
080 _a34
100 _a14
101 _aSHJ
245 _aUINITED STATE AND THE LABOR RELATIONS LAW
_cTOMLINE.CH.L
942 _2udc
_cBK
999 _c12778
_d12778